00552nam a2200133Ia 4500008004100000100002300041245007900064245012600143260005300269260000900322300001100331650001500342856006100357170221s9999 xx 000 0 und d aZukhra S. Dotdueva 4aThe Methodology for the Formation of the Regional Food-producing Clusters  cZukhra S. Dotdueva, Sergei M. Gorlov, Ekaterina V. Marchenko, Oksana V. Takhumova, Sergei A. Kaverzin, Irina V. Sugaipova bInternational Review of Management and Marketing c2016 a6 : 6S xMarketing. uhttp://www.econjournals.com/index.php/irmm/issue/view/86